[Event "Regionalliga SW 1516 (Women)"]
[Site "Germany"]
[Date "2016.01.24"]
[Round "4.4"]
[White "Weiten, Katharina"]
[Black "Kobald, Jacqueline"]
[Result "0-1"]
[WhiteElo "1126"]
[BlackElo "1506"]
[PlyCount "104"]
[EventDate "2015.09.27"]
[EventType "team-tourn"]
[EventRounds "5"]
[EventCountry "GER"]
[SourceTitle "EXT 2018"]
[Source "ChessBase"]
[SourceDate "2017.10.13"]
[SourceVersion "1"]
[SourceVersionDate "2017.10.13"]
[SourceQuality "1"]
[WhiteTeam "Riegelsberg (W)"]
[BlackTeam "Stuttgart Wolfbusch (W)"]
[WhiteTeamCountry "GER"]
[BlackTeamCountry "GER"]

1. e4 c5 2. d4 cxd4 3. c3 g6 4. cxd4 d5 5. Nc3 dxe4 6. Nxe4 Bg7 7. Nf3 Nf6 8. Nc3 0-0 9. Bc4 Nc6 10. 0-0 Bg4 11. d5 Bxf3 12. Qxf3 Ne5 13. Qf4 Nxc4 14. Qxc4 Rc8 15. Qd3 Qd7 16. Rd1 Rfd8 17. Bf4 Qg4 18. Bg3 a6 19. Rac1 Bh6 20. Rc2 Rd7 21. f3 Qb4 22. a3 Qc4 23. Qxc4 Rxc4 24. d6 exd6 25. Bxd6 Ne8 26. Nd5 Rxc2 27. Ne7+ Rxe7 28. Bxe7 Be3+ 29. Kf1 Rd2 30. Re1 Rf2+ 31. Kg1 Re2+ 32. Kf1 Rxe1+ 33. Kxe1 f6 34. g3 Kf7 35. Bb4 Ke6 36. h3 Nc7 37. Ke2 Nd5 38. Be1 Bd4 39. b4 Bb2 40. a4 Nc3+ 41. Bxc3 Bxc3 42. b5 Kd5 43. Kd3 Be1 44. g4 Kc5 45. f4 Kb4 46. f5 g5 47. bxa6 bxa6 48. Kc2 Kxa4 49. Kb2 Kb4 50. Ka2 a5 51. Kb2 Kc4 52. Ka3 Kd4 0-1

[Event "GER-ch U25 op-B"]
[Site "Oberhof"]
[Date "2012.05.30"]
[Round "6"]
[White "Koll, Lukas"]
[Black "Weiten, Katharina"]
[Result "1-0"]
[WhiteElo "1282"]
[BlackElo "882"]
[PlyCount "63"]
[EventDate "2012.05.27"]
[EventType "swiss"]
[EventRounds "9"]
[EventCountry "GER"]
[SourceTitle "CBM 148 Extra"]
[Source "ChessBase"]
[SourceDate "2012.06.22"]
[SourceVersion "1"]
[SourceVersionDate "2012.06.22"]
[SourceQuality "1"]

1. e4 e5 2. Nf3 Nc6 3. Bc4 Bc5 4. Nc3 Nf6 5. d3 d6 6. h3 Be6 7. Bb3 a6 8. Bg5 h6 9. Be3 Bb4 10. Bd2 Qd7 11. a3 Ba5 12. Ne2 Bxd2+ 13. Qxd2 0-0-0 14. Bxe6 fxe6 15. c4 d5 16. Ng3 Nd4 17. Nxd4 exd4 18. 0-0 Kb8 19. c5 c6 20. e5 Nh7 21. Ne2 Rhf8 22. Nxd4 Ng5 23. Ne2 Rf3 24. h4 Nh3+ 25. gxh3 Rxh3 26. Ng3 Rxh4 27. Qe3 d4 28. Qf3 Qe7 29. b4 Rf8 30. Qg2 Qg5 31. Rae1 Rff4 32. Re4 1-0

[Event "GER-ch U25 op-B"]
[Site "Oberhof"]
[Date "2012.05.29"]
[Round "4"]
[White "Sherif, Malik"]
[Black "Weiten, Katharina"]
[Result "1-0"]
[WhiteElo "1217"]
[BlackElo "882"]
[PlyCount "49"]
[EventDate "2012.05.27"]
[EventType "swiss"]
[EventRounds "9"]
[EventCountry "GER"]
[SourceTitle "CBM 148 Extra"]
[Source "ChessBase"]
[SourceDate "2012.06.22"]
[SourceVersion "1"]
[SourceVersionDate "2012.06.22"]
[SourceQuality "1"]

1. e4 e5 2. Nf3 Nc6 3. Bc4 Nf6 4. Ng5 Nxe4 5. Nxf7 Qh4 6. 0-0 Bc5 7. Qe1 0-0 8. Nxe5+ Kh8 9. Nf7+ Kg8 10. Ng5+ Kh8 11. Nxe4 Re8 12. d3 d6 13. Be3 Nd4 14. Bxd4 Bxd4 15. c3 Be5 16. Ng3 Bf5 17. Qd1 Rf8 18. Nd2 Bg4 19. f3 Bh5 20. Qe1 Rae8 21. Qf2 Rf6 22. d4 Bf4 23. Rfe1 Ref8 24. Ngf1 Qg5 25. Ne4 1-0